000 00465nam a2200157 i 4500
001 21750
003 ES-MaACL
005 20230906152534.0
007 t|
008 021127s1965 sp ||||1| spa d
100 1 _aAlcina Franch, José.
_919548
245 1 0 _aManual de arqueología americana /
_cJosé Alcina Franch.
260 _a[Madrid] :
_bAguilar,
_c[1965]
300 _aXX, 821 p., 20 lám., 1 map. :
_bil. ;
_c25 cm.
852 _aES-MaACL
_jC-28567
_bR.57381
999 _c21750
_d21750